Harry Potter Patronus Party Quiz Stats

 Plays Quiz Updated Feb 10, 2019

Support Sporcle.
Go Orange.
Score 0/18 Timer 03:00
0 Plays Today
% Correct
Harry Potter -- Stag
88.3%
Hermione Granger -- Otter
85.8%
James Potter -- Stag
84.2%
Severus Snape -- Doe
83.3%
Albus Dumbledore -- Phoenix
81.5%
Lily Evans -- Doe
80.5%
Minerva McGonagall -- Cat
77.7%
Luna Lovegood -- Hare
77.3%
Ron Weasley -- Terrier
71.7%
% Correct
Aberforth Dumbledore -- Goat
70.5%
Dolores Umbridge -- Cat
67.7%
Cho Chang -- Swan
66.8%
Kingsley Shacklebolt -- Lynx
65.4%
Ginny Weasley -- Horse
60.9%
Nymphadora Tonks -- Wolf
57.8%
Arthur Weasley -- Weasel
51.5%
Seamus Finnigan -- Fox
51.1%
Ernie Macmillan -- Boar
39.1%

From the Vault

This or That Blitz: Simpsons or Family Guy

by SporcleEXP

It's the dysfunctional family feud.
Remove Ads.
Support Sporcle.
Get the best of Sporcle when you Go Orange. This ad-free experience offers more features, more stats, and more fun while also helping to support Sporcle. Thank you for becoming a member.

Show Comments

Extras

Top Quizzes Today


Score Distribution

Your Account Isn't Verified!

In order to create a playlist on Sporcle, you need to verify the email address you used during registration. Go to your Sporcle Settings to finish the process.

Report this User

Report this user for behavior that violates our Community Guidelines.

Details: